| 000 | 00466cam a2200169ua 4500 | ||
|---|---|---|---|
| 041 |
_aeng _h |
||
| 082 |
_a604.2 _bDAV/EN |
||
| 100 | _aDavey, H T . | ||
| 245 |
_aEngineering drawing including introductory practical design data for students of engineering / _cH T Davey. _hTextual Documents |
||
| 250 |
_a1 / _b. |
||
| 260 |
_aLondon : _bMcDonald , _c1952. |
||
| 300 | _a392 ; . | ||
| 504 | _a | ||
| 700 | 1 | _aWilkins, R J . | |
| 942 | _cBK | ||
| 999 |
_c8739 _d8739 |
||